Responses for Show #4819 - Thursday, July 14, 2005

David Madden game 8.

Contestants

[<< previous game]

Jennifer Burrus, a homemaker and substitute teacher from Leawood, Kansas

Kate Brogan, an attorney from North Hampton, New Hampshire

David Madden, a student originally from Ridgewood, New Jersey (whose 7-day cash winnings total $173,500)

[next game >>]

Jeopardy! Round responses

POLITICAL CARICATURES
HERBS & SPICES
FRIENDS
ROMANS
COUNTRYMEN
(Alex: You have to identify the country of birth in common to the people we give you.)
LEND ME YOUR "EAR"s
    $200 14
Ted Kennedy

David
    $200 9
clove

David
    $200 2
(Matt) LeBlanc

David
    $200 29
the Mediterranean

David
    $200 28
Canada

David
    $200 30
disappear

Kate
    $400 15
John McCain

Kate
    $400 26
(David: What's tarragon?)

cilantro

DavidKate
    $400 4
Courteney Cox Arquette

David
    $400 12
the Punic Wars

David
    $400 13
Egypt

David
    $400 27
(Alex: She wore [*]. So she would be called pharaoh.)

a beard

Triple Stumper
    $600 20
Elizabeth Dole

Kate
    $600 25
(Kate: What's clove?)

nutmeg

DavidKate
    $600 7
David Schwimmer

Jennifer
    $600 5
France

David
    $600 11
(Kate: What is Spain?)

Brazil

Kate
Triple Stumper
    $600 19
Cape Fear

Kate
    $800 21
James Carville

Kate
    $800 23
oregano

Triple Stumper
    $800 8
Lisa Kudrow

Kate
    $800 1
Hadrian's Wall

Kate
    $800 6
Cambodia

Kate
    $800 17
earshot

Triple Stumper
    $1000 22
Bill Bradley

David
    $200 24
(Alex: [*] is right! Good guess.)
(David: I have a Sri Lankan friend.)

cinnamon

David
    $1000 16
(Jennifer) Aniston

David
    $1000 3
(Jennifer: What is London?)

Londinium

KateJennifer
    $1000 10
Poland

David
    $1000 18
shear

David

Scores at the first commercial break (after clue 15):

David Kate Jennifer
$3,400 $3,200 -$400

Scores at the end of the Jeopardy! Round:

David Kate Jennifer
$7,200 $5,200 -$400

Double Jeopardy! Round responses

EUROPEAN ART & ARTISTS
SONG HITS FOR TWO
SHALL WE "DANCE"?
BOOK TITLES
ANATOMICALLY CORRECT
POSTAL ABBREVIATIONS
(Alex: And that last category is a little weird. We'll give you a clue that will lead you to a 2-letter response, a postal abbreviation, if you will. But you have to give us the name of the state represented by that postal abbreviation.)
    $400 11
Salvador DalĂ­

Kate
    $400 23
"American Woman"

Jennifer
    $400 1
a square dance

David
    $400 5
Caddy

Jennifer
    $400 22
(Kate: What is the intestine?)
(Alex: Be more specific.)

the small intestine

Kate
    $400 19
Pennsylvania

David
    $800 10
Michelangelo

David
    $800 24
"Venus"

Kate
    $800 6
Dances With Wolves

Jennifer
    $800 12
Pride and Prejudice

David
    $800 28
the hamstrings

Triple Stumper
    $800 20
Indiana

Jennifer
    $1200 4
a dove

Kate
    $1200 25
(David: What's "Bang The Gong"?)

"Bang A Gong"

DavidJennifer
    $1200 7
the "sabre dance"

Triple Stumper
    $1200 14
[NOTE: The book's title names them in the order opposite of what Kate supplied in her response.]

denim & corduroy

Kate
    $1200 17
your vertebrae

Triple Stumper
    $1200 21
Alaska

David
    $1600 2
Crete

David
    $1600 26
"Sweet Child O' Mine"

David
    $1600 8
(Alex: Don't eat quiche, either.)

Tough Guys Don't Dance

Triple Stumper
    $1600 15
the Monkey House

Triple Stumper
    $200 18
the superior vena cava

David
    $2,000 13
Idaho

David
    $2000 3
Velazquez

David
    $2000 30
"Don't Dream It's Over"

Kate
    $2000 9
St. Vitus' Dance

David
    $2000 16
Tobacco Road

David
    $2000 29
the pleura

Kate
    $2000 27
(Kate: What is Montana?)
...
(Alex: The "M-O", method, is for [*], not Montana.)

Missouri

Kate
Triple Stumper

Scores at the end of the Double Jeopardy! Round:

David Kate Jennifer
$21,000 $11,200 $3,200

[wagering suggestions for these scores]

Final Jeopardy! Round responses

VOLCANOES
(Alex: [To Jennifer] Perhaps you were thinking of Krakatoa, way back when? Well, good thought process, because that's the correct response.)
JenniferWhat is Indonesia?
$3,100
KateWhat is Malaysia
$11,200
DavidWhat is Indonesia?
$4,000
Indonesia

Final scores:

David Kate Jennifer
$25,000 $0 $6,300
8-day champion: $198,500 3rd place: $1,000 2nd place: $2,000

Game dynamics:

Coryat scores:

David Kate Jennifer
$22,800 $11,200 $3,200
27 R
(including 3 DDs),
2 W
17 R,
3 W
6 R,
1 W

Combined Coryat: $37,200

[game clues] [game scores] [suggest correction]

Game tape date: 2004-12-15
The J! Archive is created by fans, for fans. Scraping, republication, monetization, and malicious use prohibited; this site may use cookies and collect identifying information. See terms. The Jeopardy! game show and all elements thereof, including but not limited to copyright and trademark thereto, are the property of Jeopardy Productions, Inc. and are protected under law. This website is not affiliated with, sponsored by, or operated by Jeopardy Productions, Inc. Join the discussion at JBoard.tv.